Statistics for Worst Plastic Polluting Countries

Click here to take the quiz!

General Stats

  • This quiz has been taken 10,897 times
    (10,854 since last reset)
  • The average score is 14 of 20

Answer Stats

% Country % Correct
27.7China
99%
0.86United States
98%
1.88India
96%
1.48Brazil
88%
10.1Indonesia
86%
1.51Pakistan
79%
5.76Vietnam
79%
3.23Thailand
79%
2.47Bangladesh
75%
5.92Philippines
73%
3.04Egypt
73%
1.98South Africa
73%
2.94Malaysia
72%
2.67Nigeria
69%
1.53Turkey
62%
1.44Myanmar
61%
1.63Algeria
54%
0.97Morocco
50%
5.00Sri Lanka
45%
0.96North Korea
37%

Score Distribution

Percentile by Number Answered

Percent of People with Each Score

Your Score History

You have not taken this quiz since the last reset